00931nam a2200145 a 450000100100000000500170001000800410002704000250006808200160009311000590010924500130016826000410018130000200022250005430024200002839020200930054923.0110408s1972 dr r 000 0 spa d aDO-SdBNPbspacBNPHU axxxxbR426m1 aRepública Dominicana.bAcademia Dominicana de Lengua10aMensaje. aSanto Domingo :bArte y Cine,c1972. a42 p. ;c23 cm. aLa Academia Dominicana de Lengua recoge en estas páginas los discursos pronunciados en el salón de actos de la Biblioteca Nacional por los señores D. Fabio A. Mota Medrano y D. Mariano Lebrón Saviñón, presidente y tesorero respectivamente del Instituto Dominicano Andrés Bello, con motivo de la próxima celebración del VI Congreso de Academias de la Lengua, cuya clausura solemne tendrá efecto el día 29 de noviembre, fecha en que se celebra Hispanoamérica el CXCI natalicio del insigne lingüística venezolano.